000 00307nam a22001337a 4500
008 181030b xxu||||| |||| 00| 0 eng d
020 _a9781412954167
041 _aeng
080 _a316
100 _a50
101 _aSOC
245 _aFundamentals Social Work Research
_cEngel .r.J
942 _2udc
_cBK
999 _c51186
_d51186